LEADER 01457nas 2200457 c 450 001 9910896207703321 005 20260218111653.0 024 7 $aurn:nbn:de:hbz:6-50689443416 035 $a(DE-599)ZDB2259646-X 035 $a(OCoLC)984835754 035 $a(DE-101)98201225X 035 $a(CKB)5580000000493196 035 $a(DE-599)2259646-X 035 $a(EXLCZ)995580000000493196 100 $a20061121b18161828 |y | 101 0 $ager 135 $aur||||||||||| 181 $ctxt$2rdacontent 182 $cc$2rdamedia 183 $acr$2rdacarrier 200 00$aTagebuch der deutschen Bu?hnen$fhrsg. von Karl Theodor Winkler 210 31$aDresden$c[Verlag nicht ermittelbar]$d1816-1828 215 $aOnline-Ressource 300 $aGesehen am 18.07.13 606 $aTheater$3(DE-588)4059702-7$3https://d-nb.info/gnd/4059702-7$3(DE-101)040597024$9rswk-swf$2gnd 606 $aRepertoire$3(DE-588)4338256-3$3https://d-nb.info/gnd/4338256-3$3(DE-101)94099738X$9rswk-swf$2gnd 607 $aDeutschland$9rswk-swf$2gnd 608 $aZeitschrift$2gnd-content 608 $aZeitschrift$9rswk-swf$2gnd 608 $aOnline-Publikation$9rswk-swf$2gnd 615 7$aTheater. 615 7$aRepertoire. 676 $a792 686 $aTHEATER$qDE-30$2fid 801 0$b0006 801 1$bDE-101 801 2$b9999 906 $aJOURNAL 912 $a9910896207703321 996 $aTagebuch der deutschen Bühnen$92182409 997 $aUNINA